Normal view
MARC view
- Sastre, Genoveva
Entry Nombre Personal
001 - NUMERO DE CONTROL
- campo de control: 29965
003 - IDENTIFICADOR DE NUMERO DE CONTROL
- campo de control: UPN
005 - FECHA Y HORA DE LA ÜLTIMA TRANSACCIÓN
- campo de control: 20220117152506.0
008 - DATOS DE LONGITUD FIJA
- campo de control de longitud fija: nabaccnnaabn|||||||||| b |nc|||||d
035 ## - NUMERO DE CONTROL
- Número de control: UPN11000002071
040 ## - FUENTE DE CATALOGACIÓN
- Agencia original de catalogación: UPN
- Lenguaje de catalogación: spa
- Agencia de transcripción: UPN
100 1# - ENCABEZAMIENTO - NOMBRE PERSONAL
- Nombre personal: Sastre, Genoveva
400 1# - VEÁSE - NOMBRE DE PERSONA
- Personal name: Sastre Vilarrasa, Genoveva
670 ## - FUENTE EN LA QUE SE LOCALIZARON DATOS
- Cita de la fuente: Descubrimiento y construcción de conocimientos : una experiencia de pedagogía operatoria, 1996:
- Información localizada: portada (Genoveva Sastre)
670 ## - FUENTE EN LA QUE SE LOCALIZARON DATOS
- Cita de la fuente: La pedagogía operatoria, 1997:
- Información localizada: portada (Genoveva Sastre Vilarrasa)
902 ## - CATALOGADOR
- Catalogador: DAA/011008
